000 00758nam a22002297a 4500
003 BUBTL
008 240327b ||||| |||| 00| 0 eng d
020 _a9789390054015
041 _aeng
082 _a332.45/ V8299f/ 2020
100 _95787
_aViswan V., Vivek
245 _aForeign Management and International Finance /
_c Vivek Viswan V., M. M. Sulphey
250 _a2nd ed.
260 _aNew Delhi:
_bViva Books,
_cc2020
300 _avii, 289 p. :
_c23 cm.
505 _aForeign Management and International Finance, Currencies and Foreign Exchange, Foreign Exchange Market, International Finance
650 0 _918
_aFinance
700 _95697
_aSulphey, M. M.
856 _k0
_l0
_yDownload
942 _2ddc
_cBK
999 _c7294
_d7294